| Tag |
First Indicator |
Second Indicator |
Subfields |
| LEADER |
00000cam a2200000 a 4500 |
| 001 |
in00000001395 |
| 005 |
20151007050424.0 |
| 008 |
981103s1998 fluab b f000 0 eng d |
| 035 |
|
|
|a (OCoLC)40220827
|
| 035 |
|
|
|9 AJB3011AM
|
| 040 |
|
|
|a GPO
|c GPO
|d DLC
|d MvI
|d UtOrBLW
|
| 043 |
|
|
|a n-us-fl
|
| 049 |
|
|
|a UDOC
|
| 074 |
|
|
|a 0624-B
|
| 086 |
0 |
|
|a I 19.42/4:97-4265/CORR.
|
| 100 |
1 |
|
|a DelCharco, M. J.
|q (Michael J.)
|
| 245 |
1 |
0 |
|a Tidal flow in selected areas of Tampa Bay and Charlotte Harbor, Florida, 1995-96 /
|c by M.J. DelCharco ; prepared in cooperation with the Southwest Florida Water Management District.
|
| 250 |
|
|
|a [Corr. version].
|
| 264 |
|
1 |
|a Tallahassee, Fla. (227 N. Bronough St., Tallahassee 32301-1372) :
|b U.S. Dept. of the Interior, U.S. Geological Survey ;
|c 1998.
|
| 264 |
|
2 |
|a Denver, CO :
|b Branch of Information Services [distributor],
|
| 300 |
|
|
|a iv, 44 pages :
|b illustrations (some color), maps ;
|c 28 cm.
|
| 336 |
|
|
|a text
|b txt
|2 rdacontent
|
| 337 |
|
|
|a unmediated
|b n
|2 rdamedia
|
| 338 |
|
|
|a volume
|b nc
|2 rdacarrier
|
| 490 |
1 |
|
|a Water-resources investigations report ;
|v 97-4265
|
| 504 |
|
|
|a Includes bibliographical references (pages 34-35).
|
| 500 |
|
|
|a Shipping list number: 98-0364-P.
|
| 650 |
|
0 |
|a Tidal currents
|z Florida
|z Tampa Bay
|x Measurement.
|
| 650 |
|
0 |
|a Tidal currents
|z Florida
|z Charlotte Harbor
|x Measurement.
|
| 650 |
|
0 |
|a Ocean currents
|z Florida
|z Tampa Bay
|x Measurement.
|
| 650 |
|
0 |
|a Ocean currents
|z Florida
|z Charlotte Harbor
|x Measurement.
|
| 710 |
2 |
|
|a Southwest Florida Water Management District (Fla.)
|
| 710 |
2 |
|
|a Geological Survey (U.S.)
|
| 830 |
|
0 |
|a Water-resources investigations report ;
|v 97-4265.
|
| 999 |
|
|
|a MARS
|
| 999 |
f |
f |
|s 0ed4b3cc-ce5f-35f0-bf36-e068c5a45bda
|i 33cbcae3-0108-3216-a098-e01fddaabb32
|t 0
|
| 952 |
f |
f |
|p normal
|a Texas A&M University
|b College Station
|c Sterling C. Evans Library
|d Evans: US Documents (Annex 5th floor)
|t 0
|e I 19.42/4:97-4265/CORR
|h Superintendent of Documents classification
|i unmediated -- volume
|m A14824390814
|
| 998 |
f |
f |
|a I 19.42/4:97-4265/CORR
|t 0
|l Evans: US Documents (Annex 5th floor)
|